Guide to worms cathedral
Guardat en:
| Format: | Llibre |
|---|---|
| Idioma: | anglès |
| Publicat: |
Worms
Propsteipfarramt Dom St. Peter
1976
|
| Matèries: | |
| Etiquetes: |
Afegir etiqueta
Sense etiquetes, Sigues el primer a etiquetar aquest registre!
|
MARC
| LEADER | 00000nam a2200000 a 4500 | ||
|---|---|---|---|
| 001 | UCR8289 | ||
| 003 | CL-VaPUC | ||
| 008 | 980529e19760000GW |||||||||||||||||eng|d | ||
| 082 | 0 | 4 | |a 726.6 |b GUI |2 21 |
| 245 | 1 | 0 | |a Guide to worms cathedral |
| 300 | |a 37 p | ||
| 942 | |c BK | ||
| 945 | |d 19980529 00:00:00 |a mvenant | ||
| 260 | |a Worms |b Propsteipfarramt Dom St. Peter |c 1976 | ||
| 650 | 7 | |a CATEDRALES |2 CL-VaPUC |9 267660 | |
| 650 | 0 | |a Arquitectura religiosa |9 266677 | |
| 650 | 0 | |a Arquitectura gótica |9 265519 | |
| 650 | 0 | |a Arquitectura románica |9 265529 | |
| 651 | 0 | |a Alemania |9 255688 | |
| 583 | |a last modification |c 19980529 00:00:00 |k Rodrigo Vera | ||
| 999 | |c 269748 |d 269746 | ||
| 952 | |0 0 |1 0 |4 0 |6 726_600000000000000_GUI_1976 |7 0 |8 P |9 303684 |a BIBARQ |b BIBARQ |d 2019-11-20 |i 2904187 |o 726.6 GUI 1976 |p 2904187 |r 2025-01-20 |w 2019-11-20 |y BK |k ARQ | ||